[Event "FIDE TURNIR 2016"]
[Site "Komenda"]
[Date "2016.02.13"]
[Round "1.1"]
[White "Dajcman, Nikolaj"]
[Black "Solmajer, Luka"]
[Result "0-1"]
[WhiteElo "1408"]
[BlackElo "2048"]
[PlyCount "66"]
[EventDate "2016.02.13"]

1. e4 c5 2. Nf3 Nc6 3. d4 cxd4 4. Nxd4 g6 5. Be2 Bg7 6. Be3 Nf6 7. Nd2 d5 8.
Bb5 Bd7 9. Bxc6 bxc6 10. e5 Ne4 11. Nxe4 dxe4 12. f4 exf3 13. Nxf3 O-O 14. O-O
Bg4 15. Qxd8 Rfxd8 16. Bc5 Rd5 17. Bxe7 Bxf3 18. Rxf3 Rxe5 19. Bf6 Re2 20. Bxg7
Kxg7 21. Rc3 Rd8 22. g3 Rdd2 23. Rc1 Rg2+ 24. Kf1 Rxh2 25. Kg1 h5 26. Rxc6
Rdg2+ 27. Kf1 Rxg3 28. c4 h4 29. Rd1 h3 30. c5 Rgg2 31. Rxg6+ fxg6 32. Rd7+ Kh6
33. Rh7+ Kxh7 0-1

[Event "FIDE TURNIR 2016"]
[Site "Komenda"]
[Date "2016.02.13"]
[Round "1.2"]
[White "Urh, Zala"]
[Black "Hvala, Inja Ajda"]
[Result "1-0"]
[WhiteElo "1923"]
[BlackElo "1261"]
[PlyCount "87"]
[EventDate "2016.02.13"]

1. d4 d5 2. c4 c6 3. Nc3 Nf6 4. Nf3 dxc4 5. a4 Bf5 6. Bg5 Nbd7 7. e3 Qb6 8. Qd2
e6 9. Bxc4 Bd6 10. O-O O-O 11. Rfe1 Ne4 12. Qe2 Bb4 13. Rec1 Bxc3 14. bxc3 Qa5
15. Qb2 Qb6 16. Qxb6 Nxb6 17. Be2 Bg4 18. Bh4 Bxf3 19. gxf3 Nd2 20. Rc2 Nb3 21.
Rb1 Na5 22. Ra2 Nd5 23. Ra3 Rfd8 24. Bg3 b6 25. Ba6 Rd7 26. e4 Nc7 27. Bd3 Nb7
28. Rab3 c5 29. Bf4 Rad8 30. Bg5 f6 31. Be3 e5 32. d5 Na5 33. R3b2 Ne8 34. c4
Nd6 35. Rc2 Rb8 36. Bd2 Rdb7 37. f4 Re8 38. f3 Rbb8 39. Kg2 Kf7 40. fxe5 fxe5
41. f4 Kf6 42. Rf1 Rf8 43. fxe5+ Kxe5 44. Bc3# 1-0

[Event "FIDE TURNIR 2016"]
[Site "Komenda"]
[Date "2016.02.13"]
[Round "1.3"]
[White "Skrbec, Leon"]
[Black "Tisaj, Domen"]
[Result "0-1"]
[WhiteElo "1278"]
[BlackElo "1816"]
[PlyCount "132"]
[EventDate "2016.02.13"]

1. d4 d5 2. c4 e6 3. Nc3 Nf6 4. Bg5 Nbd7 5. Nf3 c6 6. e3 Qa5 7. Nd2 Bb4 8. Qc2
dxc4 9. Bxf6 Nxf6 10. Bxc4 O-O 11. O-O Bd6 12. Bd3 h6 13. Nc4 Qc7 14. Nxd6 Qxd6
15. h3 b6 16. Rac1 Bb7 17. Ne4 Nxe4 18. Bxe4 Rac8 19. Qa4 a6 20. Rc2 Rc7 21.
Rfc1 Rfc8 22. Qb3 b5 23. Rc5 Kh8 24. Qc2 f6 25. d5 exd5 26. Bxd5 f5 27. Bf3 Qe6
28. b3 g6 29. Qc3+ Kh7 30. Re5 Qf6 31. Rc5 Qxc3 32. R1xc3 Rd7 33. Kf1 Rd6 34.
Re5 Rc7 35. Ke1 Kg7 36. a4 Rcd7 37. Rec5 Kf7 38. axb5 cxb5 39. Bxb7 Rxb7 40.
Rc7+ Rxc7 41. Rxc7+ Ke6 42. Ke2 Kd5 43. Rc2 Rc6 44. Rxc6 Kxc6 45. b4 Kb6 46.
Kd3 a5 47. Kc3 a4 48. f3 Kc6 49. g3 Kd5 50. g4 fxg4 51. hxg4 h5 52. gxh5 gxh5
53. e4+ Ke5 54. Kd3 a3 55. Kc3 h4 56. Kb3 h3 57. Kxa3 h2 58. f4+ Kxf4 59. e5
Kxe5 60. Kb3 h1=Q 61. Kc3 Qf3+ 62. Kc2 Kd4 63. Kb2 Kc4 64. Kc2 Qg2+ 65. Kd1 Kd3
66. Ke1 Qg1# 0-1

[Event "FIDE TURNIR 2016"]
[Site "Komenda"]
[Date "2016.02.13"]
[Round "1.4"]
[White "Jelen, Miha"]
[Black "Sraka, Lan"]
[Result "1-0"]
[WhiteElo "1615"]
[BlackElo "1265"]
[PlyCount "59"]
[EventDate "2016.02.13"]

1. e4 c5 2. c3 Nf6 3. e5 Nd5 4. d4 cxd4 5. Nf3 Nc6 6. cxd4 e6 7. Nc3 Bb4 8. Bd2
Qa5 9. Qc2 b6 10. Bd3 Ba6 11. Nxd5 Bxd3 12. Nc7+ Kd8 13. Nxe6+ fxe6 14. Qxd3
Qd5 15. O-O Bc5 16. Bg5+ Ke8 17. Rfd1 Be7 18. Bxe7 Kxe7 19. Qa3+ Kd8 20. Ng5 h6
21. Nf7+ Kc7 22. Nxh8 Rxh8 23. Rac1 Rc8 24. Qxa7+ Kd8 25. Qxb6+ Ke8 26. b3 Ra8
27. Rd2 Rb8 28. Qc5 Rb5 29. Qxd5 Rxd5 30. Rc5 1-0

[Event "FIDE TURNIR 2016"]
[Site "Komenda"]
[Date "2016.02.13"]
[Round "1.5"]
[White "Urh, Robert"]
[Black "Jereb, Lana"]
[Result "1-0"]
[WhiteElo "1534"]
[BlackElo "1603"]
[PlyCount "55"]
[EventDate "2016.02.13"]

1. e4 c5 2. Nf3 e6 3. c3 Nc6 4. Bb5 Qc7 5. Bxc6 bxc6 6. d4 d5 7. exd5 cxd5 8.
Ne5 Nf6 9. Bf4 Bd6 10. Qa4+ Nd7 11. Nxd7 Bxd7 12. Bxd6 Qxd6 13. Qa3 Qf4 14. O-O
cxd4 15. Qb4 Rb8 16. Qc5 dxc3 17. Nxc3 Rxb2 18. Qxa7 Bc6 19. Qc5 Kd7 20. Rac1
Qd6 21. Qd4 e5 22. Qg4+ Qe6 23. Qxg7 Qe8 24. Rfe1 Rg8 25. Qxh7 d4 26. Ne4 Rg6
27. Qxg6 Bxe4 28. Qxe4 1-0

[Event "FIDE TURNIR 2016"]
[Site "Komenda"]
[Date "2016.02.13"]
[Round "1.6"]
[White "Jancigaj, Saso Valentin"]
[Black "Halilovic, Elma"]
[Result "1-0"]
[WhiteElo "1588"]
[BlackElo "1534"]
[PlyCount "125"]
[EventDate "2016.02.13"]

1. f4 Nf6 2. b3 Nc6 3. Bb2 b6 4. Nf3 Bb7 5. e3 e6 6. c4 Be7 7. d4 d5 8. Nbd2
O-O 9. Bd3 Nb4 10. Bb1 dxc4 11. bxc4 a6 12. a3 Nc6 13. O-O b5 14. Qc2 b4 15. d5
exd5 16. Bxf6 g6 17. Bb2 a5 18. axb4 Nxb4 19. Qc3 f6 20. c5 Nc6 21. Ng5 Qd7 22.
f5 Ne5 23. Ne6 Rf7 24. Rxa5 Rxa5 25. Qxa5 c6 26. Qc7 Qxc7 27. Nxc7 Bxc5 28. Bd4
Bxd4 29. exd4 Rxc7 30. dxe5 fxe5 31. fxg6 hxg6 32. Bxg6 c5 33. Re1 Re7 34. g4
e4 35. Nb3 c4 36. Nd4 Kg7 37. Nf5+ Kxg6 38. Nxe7+ Kg5 39. h3 c3 40. Nf5 Bc8 41.
Nd4 Kf4 42. Kf2 Ba6 43. Rc1 e3+ 44. Ke1 Ke4 45. Nc6 d4 46. Nxd4 Kxd4 47. g5 Ke5
48. Rxc3 e2 49. Rc6 Bd3 50. g6 Bxg6 51. Rxg6 Kf5 52. Rg4 Ke5 53. Kxe2 Kf5 54.
Kf3 Ke5 55. h4 Kf5 56. h5 Ke5 57. h6 Kf5 58. h7 Ke5 59. h8=Q+ Kf5 60. Qh5+ Kf6
61. Rg6+ Kf7 62. Qh7+ Kf8 63. Rg8# 1-0

[Event "FIDE TURNIR 2016"]
[Site "Komenda"]
[Date "2016.02.13"]
[Round "1.7"]
[White "Vodnik, Ziga"]
[Black "Mihelic, Vesna"]
[Result "0-1"]
[WhiteElo "1530"]
[BlackElo "1386"]
[PlyCount "98"]
[EventDate "2016.02.13"]

1. e4 e5 2. Nf3 Nc6 3. d4 exd4 4. Nxd4 Nf6 5. Nxc6 bxc6 6. Bd3 Bc5 7. O-O O-O
8. b3 Re8 9. Qe2 d5 10. e5 Bd4 11. c3 Bxe5 12. Qc2 Qd6 13. f4 Qc5+ 14. Kh1 Bd6
15. Nd2 h6 16. a4 Ng4 17. Nf3 Ne3 18. Bxe3 Rxe3 19. Nd4 Bd7 20. a5 Bf8 21. Nf5
Bxf5 22. Bxf5 Qxc3 23. Rac1 Qxc2 24. Rxc2 c5 25. Rd2 d4 26. b4 Rb8 27. bxc5
Bxc5 28. h3 Rd8 29. Rb1 g6 30. Bg4 c6 31. Bf3 Rd6 32. Rc2 Ba3 33. Bxc6 Rc3 34.
Ba4 Rxc2 35. Bxc2 d3 36. Bd1 d2 37. Bf3 Re6 38. Kh2 Re1 39. Rd1 Bb4 40. a6 Kf8
41. Kg3 Ke7 42. Kf2 Kd6 43. Be2 Kd5 44. Ke3 Kc5 45. Kd3 Kb6 46. g4 Rxd1 47.
Bxd1 Kxa6 48. h4 Kb5 49. f5 a5 0-1

[Event "FIDE TURNIR 2016"]
[Site "Komenda"]
[Date "2016.02.13"]
[Round "1.8"]
[White "Dajcman, Aleksander"]
[Black "Olenik Campa, Rudi"]
[Result "1-0"]
[WhiteElo "1427"]
[BlackElo "1526"]
[PlyCount "139"]
[EventDate "2016.02.13"]

1. e4 e5 2. Nf3 Nc6 3. Bc4 Bc5 4. d3 Nf6 5. Nc3 h6 6. Be3 Bb6 7. d4 exd4 8.
Nxd4 d6 9. Qd2 Ng4 10. Nxc6 bxc6 11. Bd4 Bxd4 12. Qxd4 O-O 13. O-O-O c5 14. Qd2
Qh4 15. f3 Ne5 16. Bd5 Rb8 17. g3 Qf6 18. f4 Nd7 19. g4 Ba6 20. h4 Qe7 21. g5
h5 22. g6 Nb6 23. gxf7+ Rxf7 24. Bxf7+ Qxf7 25. Nd5 Nc4 26. Qf2 Rxb2 27. Nc3
Qf6 28. Qg3 Bb5 29. Rdg1 Qd4 30. Qd3 Qxd3 31. cxd3 Rf2 32. dxc4 Bxc4 33. Rh3
Rxf4 34. Rg5 Be6 35. Rh2 Bg4 36. Kd2 Rf3 37. Nb5 Rf4 38. Kd3 Rf3+ 39. Kc4 Be6+
40. Rd5 c6 41. Nxd6 cxd5+ 42. exd5 Bg4 43. Kxc5 Rd3 44. Kc4 Rd1 45. Nb7 Rc1+
46. Kb5 Rb1+ 47. Kc6 Bf3 48. Rd2 Rh1 49. Rd4 Ra1 50. a4 Rh1 51. Kd7 Bg4+ 52.
Kc6 Rxh4 53. Kc7 Rh3 54. d6 Rc3+ 55. Kb8 Rc8+ 56. Kxa7 Bd7 57. Kb6 Rc6+ 58. Ka7
Rc8 59. Re4 Rc6 60. Re7 Bg4 61. d7 Bxd7 62. Rxd7 h4 63. Rd3 g5 64. a5 Rh6 65.
Nc5 h3 66. Ne4 Rh7+ 67. Kb8 Kg7 68. Rd7+ Kg6 69. Rxh7 Kxh7 70. Nxg5+ 1-0

[Event "FIDE TURNIR 2016"]
[Site "Komenda"]
[Date "2016.02.13"]
[Round "1.9"]
[White "Vaupot, Luka"]
[Black "Paternoster, Janez"]
[Result "0-1"]
[WhiteElo "1279"]
[BlackElo "1400"]
[PlyCount "46"]
[EventDate "2016.02.13"]

1. d4 d5 2. c4 c6 3. Nf3 Nf6 4. e3 Bg4 5. cxd5 cxd5 6. Qb3 Qc7 7. Nc3 Bxf3 8.
gxf3 e6 9. Bd2 Nc6 10. Rc1 a6 11. Na4 b5 12. Nc5 Bxc5 13. Rxc5 O-O 14. Qa3 Nd7
15. Rc2 Qb6 16. Qd6 Nxd4 17. Qc7 Nxc2+ 18. Qxc2 Qc5 19. Bc3 b4 20. Bd3 bxc3 21.
Bxh7+ Kh8 22. h4 cxb2 23. Qxb2 Rac8 0-1

[Event "FIDE TURNIR 2016"]
[Site "Komenda"]
[Date "2016.02.13"]
[Round "1.10"]
[White "Kaluza, Dominik"]
[Black "Hvala, Arja Ela"]
[Result "1-0"]
[WhiteElo "1131"]
[BlackElo "1206"]
[PlyCount "77"]
[EventDate "2016.02.13"]

1. d4 d5 2. Bf4 Nf6 3. e3 Nc6 4. c4 Bf5 5. cxd5 Nxd5 6. Bg3 e6 7. a3 Bd6 8. Bd3
Bg6 9. Nf3 O-O 10. O-O Nf6 11. Re1 Re8 12. Bb5 Qd7 13. Ne5 Bxe5 14. Bxe5 Qd5
15. Nc3 Qd8 16. Bxc6 bxc6 17. Qa4 Qd7 18. Bxf6 gxf6 19. Rac1 Reb8 20. b4 Rb6
21. Ne2 Qd5 22. Rc5 Qd6 23. h3 Bd3 24. Nc3 a6 25. Rc1 Rab8 26. Qd1 Bf5 27. g4
Bg6 28. Qf3 Kg7 29. Ne4 Bxe4 30. Qxe4 Rb5 31. Rxc6 Qd5 32. Qxd5 Rxd5 33. Rxa6
Rc8 34. Rac6 Rd7 35. a4 Kf8 36. b5 Ke8 37. Kf1 Kd8 38. b6 h6 39. Ke2 1-0

[Event "FIDE TURNIR 2016"]
[Site "Komenda"]
[Date "2016.02.13"]
[Round "1.11"]
[White "Ocepek, Jan"]
[Black "Macek, Inti"]
[Result "1-0"]
[WhiteElo "1238"]
[BlackElo "1500"]
[PlyCount "35"]
[EventDate "2016.02.13"]

1. e4 e5 2. Nf3 Nc6 3. Bb5 a6 4. Bxc6 bxc6 5. O-O Nf6 6. Nc3 Bb4 7. Nxe5 O-O 8.
d3 Bxc3 9. bxc3 d6 10. Nxc6 Qd7 11. Nd4 Ng4 12. h3 Nf6 13. Bg5 Ne8 14. Qf3 c5
15. Nf5 Nc7 16. Qg3 g6 17. Bf6 Nb5 18. Nh6# 1-0

[Event "FIDE TURNIR 2016"]
[Site "Komenda"]
[Date "2016.02.13"]
[Round "1.12"]
[White "Paternoster, David"]
[Black "Perme, Martin"]
[Result "0-1"]
[WhiteElo "1500"]
[BlackElo "1503"]
[PlyCount "57"]
[EventDate "2016.02.13"]

1. d4 e6 2. Nf3 Nf6 3. Nc3 Bb4 4. Bg5 Bxc3+ 5. bxc3 h6 6. Bf4 O-O 7. e3 Nc6 8.
c4 d5 9. Bd3 dxc4 10. Bxc4 Na5 11. Bd3 e5 12. dxe5 Ng4 13. O-O b6 14. Qe1 Bb7
15. Qb4 c5 16. Qc3 Bxf3 17. gxf3 Qh4 18. fxg4 Qxg4+ 19. Bg3 Nc6 20. Qd2 Nb4 21.
Be2 Qh3 22. c3 Rad8 23. Qb2 Nc6 24. Bb5 Ne7 25. c4 Nf5 26. Ba6 Rfe8 27. Bb5
Rxe5 28. Ba4 Re6 29. Bc2 {nejasno (31)} 0-1

[Event "FIDE TURNIR 2016"]
[Site "Komenda"]
[Date "2016.02.13"]
[Round "1.13"]
[White "Jelen, Anja"]
[Black "Premk, Jasna"]
[Result "1-0"]
[WhiteElo "1026"]
[BlackElo "1500"]
[PlyCount "43"]
[EventDate "2016.02.13"]

1. e4 e5 2. Nf3 Nc6 3. Nc3 Nf6 4. d4 d5 5. dxe5 Nxe4 6. Nxe4 Bb4+ 7. c3 Ba5 8.
Bb5 O-O 9. Ng3 h6 10. O-O Bb6 11. Be3 Be6 12. Re1 Ba5 13. Bxc6 bxc6 14. Nd4 Bd7
15. Qf3 f6 16. Qh5 Re8 17. Bxh6 Re7 18. Qg6 Be8 19. Qg4 Rb8 20. exf6 Rxb2 21.
Rxe7 Qb8 22. Qxg7# 1-0

[Event "FIDE TURNIR 2016"]
[Site "Komenda"]
[Date "2016.02.13"]
[Round "1.14"]
[White "Premk, Simon"]
[Black "Tisaj, Igor"]
[Result "0-1"]
[WhiteElo "1500"]
[BlackElo "1238"]
[PlyCount "88"]
[EventDate "2016.02.13"]

1. e4 e6 2. Nf3 c5 3. Bb5 a6 4. Ba4 b5 5. Bb3 c4 6. Bxc4 bxc4 7. O-O Bb7 8. Nc3
Bb4 9. d3 cxd3 10. cxd3 Bxc3 11. bxc3 Ne7 12. Bg5 f6 13. Be3 O-O 14. Qb3 Qc7
15. Nh4 Kh8 16. h3 Nbc6 17. Rab1 Rab8 18. Qd1 Ne5 19. Qh5 N7g6 20. Nxg6+ Nxg6
21. d4 Bxe4 22. Rxb8 Rxb8 23. Qg4 Bd3 24. Rd1 Bc4 25. a3 Rb2 26. Re1 Qd6 27.
Bc1 Rb3 28. Qf3 Bd5 29. Qe2 Nh4 30. g3 Nf3+ 31. Kf1 Nxe1 32. Qxe1 Bc4+ 33. Kg1
Rb1 34. Qd2 Qxa3 35. Kg2 Bd5+ 36. Kf1 Rxc1+ 37. Ke2 Bc4+ 38. Kf3 Rxc3+ 39. Kg2
Bd5+ 40. Kf1 Qa1+ 41. Ke2 Bc4+ 42. Qd3 Qb2+ 43. Ke1 Rc1+ 44. Qd1 Qe2# 0-1

[Event "FIDE TURNIR 2016"]
[Site "Komenda"]
[Date "2016.02.13"]
[Round "1.15"]
[White "Varga, Ivan"]
[Black "Sraka, Luna"]
[Result "0-1"]
[WhiteElo "1283"]
[BlackElo "1500"]
[PlyCount "40"]
[EventDate "2016.02.13"]

1. e4 e5 2. Bc4 Nf6 3. Nc3 Nc6 4. Nf3 Nxe4 5. Nxe4 d5 6. Bb3 dxe4 7. Ng1 g6 8.
c3 Bg7 9. h3 O-O 10. g4 Qd6 11. h4 Be6 12. Bc2 Bd5 13. h5 e3 14. f3 gxh5 15.
Rxh5 exd2+ 16. Bxd2 Rae8 17. Be3 e4 18. Rxd5 Qg3+ 19. Bf2 exf3+ 20. Kf1 Qg2#
0-1

[Event "FIDE TURNIR 2016"]
[Site "Komenda"]
[Date "2016.02.13"]
[Round "1.16"]
[White "Vaupot, Eliza"]
[Black "Grad, Danijel"]
[Result "0-1"]
[WhiteElo "1500"]
[BlackElo "1500"]
[PlyCount "30"]
[EventDate "2016.02.13"]

1. e4 e5 2. Nf3 Nc6 3. Nc3 Nf6 4. Bc4 Be7 5. O-O O-O 6. Nd5 d6 7. Nxf6+ Bxf6 8.
d3 Bg4 9. h3 Bh5 10. Be3 Nd4 11. Bxd4 exd4 12. Qe1 Bxf3 13. gxf3 Be5 14. Kh1
Qh4 15. Kg1 Qxh3 0-1

[Event "FIDE TURNIR 2016"]
[Site "Komenda"]
[Date "2016.02.13"]
[Round "1.17"]
[White "Lajovic, Maks"]
[Black "Zidar, Jernej"]
[Result "0-1"]
[WhiteElo "1500"]
[BlackElo "1160"]
[PlyCount "84"]
[EventDate "2016.02.13"]

1. e4 c5 2. Nc3 d6 3. Nf3 Nf6 4. Be2 e6 5. d3 Be7 6. b3 Nbd7 7. Bb2 b6 8. Qd2
Bb7 9. Nb5 a6 10. Nxd6+ Bxd6 11. e5 Bxe5 12. Nxe5 Qc7 13. Qg5 O-O 14. Bf3 h6
15. Qg3 Bxf3 16. gxf3 Nh5 17. Qg2 Nxe5 18. f4 Ng6 19. O-O-O Qxf4+ 20. Kb1 a5
21. Bc1 Qd6 22. Rhg1 a4 23. Bb2 a3 24. Ba1 Nhf4 25. Qg4 Nd5 26. h4 Qf4 27. h5
Qxg4 28. Rxg4 Ndf4 29. hxg6 Nxg6 30. Rdg1 Rfd8 31. c4 Rxd3 32. Kc2 Rad8 33. Bc3
Rf3 34. Be1 e5 35. R1g3 Rxg3 36. fxg3 Rd4 37. Rxd4 exd4 38. Kd3 Ne5+ 39. Ke4 f6
40. Kf4 Kf7 41. Ke4 Ke6 42. Kf4 Nd3+ 0-1

[Event "FIDE TURNIR 2016"]
[Site "Komenda"]
[Date "2016.02.13"]
[Round "1.18"]
[White "Subelj, Nik"]
[Black "Cimperman, Teo"]
[Result "1-0"]
[WhiteElo "1500"]
[BlackElo "1500"]
[PlyCount "119"]
[EventDate "2016.02.13"]

1. e4 e5 2. Nf3 Nc6 3. Bb5 Nf6 4. Bxc6 dxc6 5. Nc3 Bb4 6. a3 Bxc3 7. bxc3 O-O
8. d4 exd4 9. Qxd4 Qxd4 10. Nxd4 Nxe4 11. Bb2 Re8 12. O-O Nd2 13. Rfe1 Rxe1+
14. Rxe1 Bg4 15. f3 Bh5 16. Nf5 Bxf3 17. gxf3 Nxf3+ 18. Kf2 Nxe1 19. Kxe1 g6
20. Ng3 Re8+ 21. Kd1 Re3 22. Kd2 Rf3 23. Ke2 Rf6 24. c4 Re6+ 25. Kf3 f5 26. Bd4
h5 27. Bxa7 h4 28. Nf1 b6 29. c5 Re1 30. Ne3 Rh1 31. cxb6 cxb6 32. Bxb6 Rxh2
33. a4 Rd2 34. a5 Rd7 35. a6 Rd6 36. a7 h3 37. a8=Q+ Kh7 38. Kg3 h2 39. Kxh2 f4
40. Qb7+ Kh6 41. Ng4+ Kh5 42. Kh3 Rd5 43. Nf6+ Kg5 44. Nxd5 Kf5 45. Qxc6 g5 46.
c4 g4+ 47. Kh2 g3+ 48. Kg2 Kg4 49. Qe6+ Kh4 50. Nf6 Kg5 51. Qe5+ Kg6 52. Qxf4
Kf7 53. c5 Ke6 54. Qd6+ Kf7 55. c6 Kg6 56. c7 Kg5 57. c8=Q Kg6 58. Qg8+ Kf5 59.
Qdd5+ Kxf6 60. Bd8# 1-0

[Event "FIDE TURNIR 2016"]
[Site "Komenda"]
[Date "2016.02.13"]
[Round "1.10"]
[White "Jelen, Luka"]
[Black "Zlicar, Jure"]
[Result "0-1"]
[WhiteElo "1500"]
[BlackElo "1500"]
[PlyCount "42"]
[EventDate "2016.02.13"]

1. e4 e5 2. Nf3 Nc6 3. Nc3 Nf6 4. d4 exd4 5. Nxd4 Bb4 6. Bb5 Bxc3+ 7. bxc3 Nxe4
8. Bb2 a6 9. Bc4 d5 10. Bd3 O-O 11. O-O Qg5 12. Bxe4 dxe4 13. Re1 Re8 14. f3
Bh3 15. g3 exf3 16. Qxf3 h6 17. Rxe8+ Rxe8 18. Nxc6 bxc6 19. Qxc6 Qe3+ 20. Kh1
Qe1+ 21. Rxe1 Rxe1# 0-1

[Event "FIDE TURNIR 2016"]
[Site "Komenda"]
[Date "2016.02.13"]
[Round "2.1"]
[White "Solmajer, Luka"]
[Black "Dajcman, Aleksander"]
[Result "1-0"]
[WhiteElo "2048"]
[BlackElo "1427"]
[PlyCount "71"]
[EventDate "2016.02.13"]

1. c4 e5 2. g3 Nf6 3. Bg2 Bc5 4. Nc3 O-O 5. e3 c6 6. d4 exd4 7. exd4 Bb6 8.
Nge2 d5 9. cxd5 Nxd5 10. O-O Re8 11. Nxd5 cxd5 12. Nf4 Be6 13. Nxe6 Rxe6 14.
Qh5 Bxd4 15. Bxd5 Re7 16. Rd1 Qb6 17. Qf3 Na6 18. Bg5 Rd7 19. Rd2 Bc5 20. Rad1
Re8 21. a3 Nb8 22. b4 Bf8 23. Be3 Qa6 24. Bc4 Rxd2 25. Bxa6 Rxd1+ 26. Qxd1 bxa6
27. Bxa7 Nc6 28. Be3 Ne5 29. Qa4 Re6 30. Kg2 Nc4 31. Bc5 g6 32. f4 Bg7 33. Qc2
Nxa3 34. Qd3 Nb5 35. Qd8+ Bf8 36. Qxf8# 1-0

[Event "FIDE TURNIR 2016"]
[Site "Komenda"]
[Date "2016.02.13"]
[Round "2.2"]
[White "Mihelic, Vesna"]
[Black "Urh, Zala"]
[Result "0-1"]
[WhiteElo "1386"]
[BlackElo "1923"]
[PlyCount "82"]
[EventDate "2016.02.13"]

1. e4 e5 2. Nf3 Nc6 3. Bc4 Bc5 4. d3 h6 5. Nc3 Nf6 6. Be3 Bb6 7. h3 d6 8. Qd2
Be6 9. Bb3 Qd7 10. d4 exd4 11. Nxd4 Ba5 12. f3 Ne5 13. Nxe6 fxe6 14. Bd4 Ng6
15. O-O O-O-O 16. Qe2 Kb8 17. e5 Nh5 18. Qe4 Nhf4 19. exd6 cxd6 20. Rfe1 e5 21.
Bf2 Qe7 22. Qe3 Bb6 23. Qd2 Bxf2+ 24. Qxf2 Qg5 25. Kh1 Nh4 26. g3 Nxh3 27. Qh2
Nxf3 28. Qxh3 Nxe1 29. Rxe1 Rhf8 30. Ne4 Qe7 31. Rd1 Qc7 32. Qe6 Qc6 33. Re1 d5
34. Qxe5+ Ka8 35. Nd2 Rfe8 36. Qxe8 Rxe8 37. Rf1 a6 38. Kg1 Re2 39. Nf3 Qg6 40.
Bxd5 Qxg3+ 41. Kh1 Qg2# 0-1

[Event "FIDE TURNIR 2016"]
[Site "Komenda"]
[Date "2016.02.13"]
[Round "2.3"]
[White "Tisaj, Domen"]
[Black "Urh, Robert"]
[Result "0-1"]
[WhiteElo "1816"]
[BlackElo "1534"]
[PlyCount "58"]
[EventDate "2016.02.13"]

1. c4 c5 2. Nc3 Nc6 3. d3 g6 4. g3 Bg7 5. Bg2 Nf6 6. e4 O-O 7. Nge2 d6 8. O-O
Bg4 9. h3 Bd7 10. Be3 a6 11. f4 Rb8 12. a4 Nb4 13. d4 cxd4 14. Nxd4 Qc8 15. Kh2
Qxc4 16. Rc1 Qd3 17. Qe1 Nh5 18. Qf2 e5 19. Rfd1 exd4 20. Rxd3 Nxd3 21. Qd2
Nxc1 22. Qxc1 dxe3 23. Qxe3 Bc6 24. g4 Nxf4 25. Kg1 Nxg2 26. Kxg2 Rfe8 27. Qd2
Bxc3 28. bxc3 Rbd8 29. Kg3 Rxe4 0-1

[Event "FIDE TURNIR 2016"]
[Site "Komenda"]
[Date "2016.02.13"]
[Round "2.4"]
[White "Paternoster, Janez"]
[Black "Jelen, Miha"]
[Result "0-1"]
[WhiteElo "1400"]
[BlackElo "1615"]
[PlyCount "80"]
[EventDate "2016.02.13"]

1. d4 d5 2. c4 e6 3. Nc3 c5 4. dxc5 d4 5. Na4 Nc6 6. Nf3 Bxc5 7. Nxc5 Qa5+ 8.
Bd2 Qxc5 9. Rc1 Nge7 10. a3 O-O 11. e3 Nf5 12. exd4 Nfxd4 13. Nxd4 Nxd4 14. Be2
Qe5 15. Rc3 Qe4 16. f3 Qh4+ 17. Kf1 Nf5 18. Qe1 Qf6 19. Bd3 Bd7 20. Rb3 Bc6 21.
Bc3 Qg6 22. Qf2 Rfd8 23. Be5 Rxd3 24. Rxd3 Ng3+ 25. Qxg3 Qxd3+ 26. Ke1 Qe3+ 27.
Kf1 g6 28. Qe1 Qd3+ 29. Qe2 Qb1+ 30. Qe1 Qd3+ 31. Qe2 Qb1+ 32. Qe1 Qf5 33. Kf2
f6 34. Bd4 Rd8 35. Qc3 e5 36. Bxa7 Rd3 37. Qc1 Rxf3+ 38. Kg1 Rd3 39. Qe1 Qg4
40. g3 Rd1 0-1

[Event "FIDE TURNIR 2016"]
[Site "Komenda"]
[Date "2016.02.13"]
[Round "2.5"]
[White "Tisaj, Igor"]
[Black "Jancigaj, Saso Valentin"]
[Result "1/2-1/2"]
[WhiteElo "1238"]
[BlackElo "1588"]
[PlyCount "120"]
[EventDate "2016.02.13"]

1. d4 f5 2. c4 Nf6 3. f3 e6 4. e3 Nh5 5. Bd2 Qh4+ 6. Ke2 Ng3+ 7. hxg3 Qxh1 8.
Nh3 b6 9. Be1 Bb7 10. Nd2 Bb4 11. a3 Bxd2 12. Qxd2 g5 13. Nxg5 Qh5 14. Nh3 Nc6
15. Rd1 O-O-O 16. Kd3 d5 17. Nf4 Qf7 18. Kc2 Ba6 19. Qc3 Ne7 20. Kb1 dxc4 21.
Bxc4 Bxc4 22. Qxc4 Nd5 23. Nxd5 Rxd5 24. Qc6 Qe8 25. Qa8+ Kd7 26. Qxa7 Qa8 27.
Qxa8 Rxa8 28. Rd3 c5 29. Bc3 c4 30. Rd1 Rb5 31. Kc2 Rg8 32. Rh1 Rxg3 33. Rxh7+
Ke8 34. Rh2 Rd5 35. Be1 Rg6 36. g3 e5 37. Bf2 exd4 38. exd4 Re6 39. Kc3 b5 40.
Kd2 Kf7 41. Rg2 Rd8 42. Be3 Kg7 43. Rh2 Rde8 44. Re2 Kg6 45. Re1 Rh8 46. Kc3
Rh3 47. Bf2 Rxe1 48. Bxe1 f4 49. gxf4 Rxf3+ 50. Kb4 Rb3+ 51. Kc5 Rxb2 52. d5
Rb3 53. d6 Kf6 54. d7 Ke7 55. Kc6 Rd3 56. Bh4+ Ke6 57. d8=Q Rxd8 58. Bxd8 b4
59. Ba5 b3 60. Bc3 Kf5 1/2-1/2

[Event "FIDE TURNIR 2016"]
[Site "Komenda"]
[Date "2016.02.13"]
[Round "2.6"]
[White "Sraka, Luna"]
[Black "Ocepek, Jan"]
[Result "1/2-1/2"]
[WhiteElo "1500"]
[BlackElo "1238"]
[PlyCount "71"]
[EventDate "2016.02.13"]

1. e4 c5 2. Nf3 d6 3. Nc3 e6 4. Bb5+ Bd7 5. Bxd7+ Qxd7 6. O-O Nf6 7. d3 Be7 8.
e5 dxe5 9. Nxe5 Qc7 10. Qe2 Bd6 11. Nb5 Qb6 12. Nxd6+ Qxd6 13. Nc4 Qc7 14. Qe5
Qxe5 15. Nxe5 O-O 16. Be3 b6 17. d4 cxd4 18. Bxd4 Nbd7 19. Nxd7 Nxd7 20. Rfd1
Rfd8 21. h3 h6 22. c3 Nc5 23. Bxc5 bxc5 24. b4 cxb4 25. cxb4 Rab8 26. a4 Rxd1+
27. Rxd1 Rxb4 28. Rd8+ Kh7 29. Rd7 Rxa4 30. Rxf7 a5 31. Re7 Ra2 32. Rxe6 a4 33.
Ra6 a3 34. Kf1 Ra1+ 35. Ke2 a2 36. Ke3 1/2-1/2

[Event "FIDE TURNIR 2016"]
[Site "Komenda"]
[Date "2016.02.13"]
[Round "2.7"]
[White "Zlicar, Jure"]
[Black "Jelen, Anja"]
[Result "0-1"]
[WhiteElo "1500"]
[BlackElo "1026"]
[PlyCount "104"]
[EventDate "2016.02.13"]

1. e4 e5 2. Nf3 Nc6 3. Bb5 Nf6 4. Nc3 Bb4 5. d3 d6 6. Bd2 O-O 7. Bxc6 bxc6 8.
h3 h6 9. a3 Ba5 10. Nh2 d5 11. exd5 cxd5 12. O-O Re8 13. f4 Bb6+ 14. Kh1 e4 15.
dxe4 dxe4 16. Qe1 Ba6 17. f5 Bxf1 18. Qxf1 Qxd2 19. Rc1 c6 20. Nb1 Qd6 21. Nc3
Bc7 22. Qg1 Qe5 23. Rf1 Nh5 24. Ne2 Qg3 25. Ng4 Qd6 26. f6 Nxf6 27. Nxf6+ gxf6
28. Nd4 e3 29. c3 Rab8 30. b4 a5 31. Nf5 Qe5 32. Nxh6+ Kg7 33. Nf5+ Kg8 34.
Nh6+ Kg7 35. Nf5+ Kf8 36. Nd4 axb4 37. Nxc6 Qd6 38. Nxb8 Rxb8 39. axb4 e2 40.
Re1 Qe5 41. g3 Re8 42. c4 Qxg3 43. Qxg3 Bxg3 44. Kg2 Bxe1 45. b5 Ba5 46. Kf3
e1=Q 47. b6 Qf1+ 48. Kg4 Bxb6 49. c5 Bxc5 50. h4 Ke7 51. h5 Rg8+ 52. Kh4 Qh1#
0-1

[Event "FIDE TURNIR 2016"]
[Site "Komenda"]
[Date "2016.02.13"]
[Round "2.8"]
[White "Grad, Danijel"]
[Black "Kaluza, Dominik"]
[Result "1-0"]
[WhiteElo "1500"]
[BlackElo "1131"]
[PlyCount "121"]
[EventDate "2016.02.13"]

1. e4 c6 2. d3 d5 3. exd5 cxd5 4. d4 Nc6 5. Be2 Nf6 6. Nf3 Bg4 7. O-O e6 8. Ne5
Bxe2 9. Qxe2 Qb6 10. c3 Bd6 11. Bf4 Bxe5 12. Bxe5 Nxe5 13. dxe5 Ne4 14. Nd2
Qxb2 15. Rfd1 Nxc3 16. Qg4 Nxd1 17. Qa4+ b5 18. Qxd1 O-O 19. Nb3 Rac8 20. h3 h6
21. Qf1 Rc2 22. Rb1 Qxa2 23. Nd4 Rb2 24. Ra1 Qc4 25. Qd1 Qb4 26. Nc6 Qc3 27.
Rc1 Qa3 28. Ra1 Ra2 29. Rxa2 Qxa2 30. Ne7+ Kh8 31. Qf3 Qa1+ 32. Kh2 Qxe5+ 33.
Kg1 Kh7 34. Qd3+ g6 35. Qf3 Kg7 36. Nc6 Qd6 37. Qc3+ Kg8 38. f4 Kh7 39. Ne5 f6
40. Ng4 Qxf4 41. Qc5 Qb8 42. Qe7+ Kh8 43. Nxh6 Qb6+ 44. Kf1 Rc8 45. Qxf6+ Kh7
46. Qh4 Rc1+ 47. Ke2 Qc6 48. Nf5+ Kg8 49. Ne7+ Kf8 50. Nxc6 Rc2+ 51. Kd1 Ra2
52. Qe7+ Kg8 53. Ne5 Rf2 54. Ke1 Rf5 55. Qxe6+ Kg7 56. Qxg6+ Kf8 57. Qxf5+ Kg7
58. Kf2 Kh8 59. Qg5 Kh7 60. Qg6+ Kh8 61. Nf7# 1-0

[Event "FIDE TURNIR 2016"]
[Site "Komenda"]
[Date "2016.02.13"]
[Round "2.9"]
[White "Perme, Martin"]
[Black "Zidar, Jernej"]
[Result "0-1"]
[WhiteElo "1503"]
[BlackElo "1160"]
[PlyCount "62"]
[EventDate "2016.02.13"]

1. e4 c5 2. Bc4 d6 3. Nf3 Nf6 4. Ng5 e6 5. O-O Be7 6. Qf3 O-O 7. Nc3 h6 8. Nh3
Nbd7 9. Qg3 b6 10. d3 Kh7 11. Ng5+ hxg5 12. Qh3+ Kg8 13. Bxg5 Ne5 14. Qg3 Nh5
15. Qh4 Bxg5 16. Qxh5 Nxc4 17. dxc4 Qf6 18. Ne2 Qh6 19. Qg4 e5 20. Qf3 Bb7 21.
Ng3 Bf4 22. Nh5 Bxe4 23. Qg4 Bxc2 24. Rad1 Bxd1 25. Rxd1 Rad8 26. g3 Bg5 27. h4
Bf6 28. b3 Qg6 29. Qf3 Bxh4 30. Nf4 exf4 31. Qxf4 Be7 0-1